Chamaeleo caroliquarti (Chamaeleonidae, Sauria): nové nálezy kraniálnych kostí zo spodného miocénu Čiech

Bibliographic Details
Main Author: Čerňanský, Andrej, 1984- (Author)
Format: Article
Language:Slovak
ISBN:8088870577

MARC

LEADER 00000naa a2200000uu 4500
001 vtls010963834
003 SK-MaSNL
005 20260302112730.0
008 210909|2006 xo |||||||||||||||||slo|
015 |a SNBRA 
035 |a (urnnbn)urn:nbn:sk:snk:ar-a0bu4r 
035 |a (uuid)69e7f4ed-0857-40c3-a2df-efae29b6c366 
035 |a urn:nbn:sk:snk-aaulmm 
040 |a SNKBUCL  |b slo  |c SNKBUCL  |e AACR2 
041 0 |a slo 
044 |a xo  |c SK 
100 1 |a Čerňanský, Andrej,  |d 1984-  |4 aut  |9 194661 
245 1 0 |a Chamaeleo caroliquarti (Chamaeleonidae, Sauria): nové nálezy kraniálnych kostí zo spodného miocénu Čiech  |c Andrej Čerňanský 
773 0 |t Študentská vedecká konferencia  |d Bratislava : Kartprint, 2006  |g S. 161-162  |z 8088870577 
958 |a OND 
958 |a article11 
958 |a chapter 
999 |c 1253113  |d 1255043